000 00483nam a22001817a 4500
003 UA-OsUOA
001 17125
007 ta
008 20040211b un ||||| |||| 00| 0 ukr d
100 _aХаритонюк О.
942 _cSA
040 _aUA-OsUOA
_cUA-OsUOA
_dUA-OsUOA
245 _a75 рокі ОУН: Історія та сучасність
300 _aС.2
955 _a0
773 0 _w0
_tВОЛИНЬ
_dРівне
_d2004
_g№6/6 лют./
650 7 _aІсторія
_2UDC
999 _c303293
_d303293